000 00452nam a2200157Ia 4500
008 210210b1994 xxu||||| |||| 00| 0 eng d
020 _a0 333 53354 2
082 _a820.9 DYSS
100 _aDYSON (A E), Ed.
245 _aShakespeare Othello :a casebook ed by John Wain.
260 _aLondon
_bMacmillan Press Ltd
_c1994
300 _a231
650 _aShakespear Othello Critical Essays Case Book
690 _aEnglish Criticism
906 _a056075
999 _c103560
_d103560